000 00459nam a22001817a 4500
003 CEME
005 20210628205253.0
008 210225b xxu||||| |||| 00| 0 eng d
020 _a969-35-0706-1
040 _c.
082 _a958 DAN'C
100 _aDani, Ahmad Hassan
_974689
245 _aCentral asia today
260 _aLAHORE
_bSANG-E-MEEL
_c1996
300 _a206P
650 _aASIA, CENTRAL HISTORY, NATIONALISM - ASIA
_974690
942 _cBK
_2ddc
999 _c580195
_d580195